Statistics for Савезне државе САД

Click here to take the quiz!

General Stats

  • This quiz has been taken 1 389 times
  • The average score is 33 of 50

Answers on the Map

Answers color-coded by a green-red scale on the quiz's map according to % correct below.
Loading ...
 

Answer Stats

State% Correct
Тексас
94%
Њујорк
91%
Калифорнија
91%
Аљаска
89%
Флорида
89%
Вашингтон
87%
Хаваји
82%
Невада
77%
Северна Дакота
76%
Јужна Дакота
76%
Северна Каролина
74%
Аризона
74%
Јужна Каролина
74%
Нови Мексико
73%
Мисисипи
69%
Алабама
69%
Колорадо
69%
Јута
67%
Мичиген
67%
Охајо
66%
Вирџинија
64%
Канзас
63%
Кентаки
63%
Илиноис
62%
Небраска
61%
Оклахома
61%
Њу Џерзи
61%
Мејн
61%
Луизијана
60%
Орегон
60%
Ајова
60%
Мисури
60%
Ајдахо
59%
Монтана
59%
Минесота
59%
Пенсилванија
58%
Џорџија
58%
Тенеси
57%
Западна Вирџинија
57%
Вајоминг
57%
Арканзас
57%
Индијана
55%
Масачусетс
52%
Њу Хемпшир
52%
Висконсин
51%
Мериленд
49%
Роуд Ајланд
48%
Вермонт
48%
Конектикат
46%
Делавер
44%

Score Distribution

Percentile by Number Answered

Percent of People with Each Score

Your Score History

You have not taken this quiz